Państwa z dzikimi tygrysami - Statystyki

Ogólne statystyki
  • Ten quiz został rozwiązany 10 968 razy
  • Średni wynik to 9 z 13
Statystyki odpowiedzi
Populacja Kraj % Poprawnych
55 Chiny
95%
2603-3346 Indie
93%
433 Rosja
74%
189 Tajlandia
74%
< 5 Wietnam
74%
371 Indonezja
71%
14 Laos
68%
300-500 Bangladesz
66%
200-274 Nepal
65%
22 Mjanma
62%
80-120 Malezja
60%
89-124 Bhutan
56%
Możliwe Korea Północna
41%
Nie znaleziono quizów pasujących do podanych kryteriów
Rozkład punktacji
Procent ludzi z każdym wynikiem
Percentyl według liczby udzielonych odpowiedzi
Twoja historia wyników
Nie rozwiązałeś tego quizu